Name Houston Texans by College - Statistics

General Stats
  • This quiz has been taken 70 times
    50 since last reset
  • The average score is 17 of 58
Answer Stats
College Team Players % Correct
Alabama A.J. McCarron | Mark Ingram | Brad Smelley | John Metchie III | DeAndrew White | O.J. Howard | Rod Rutledge | Antoine Caldwell | Mark Anderson | Will Anderson Jr. | Jeoffrey Pagan | Christian Harris | DeMeco Ryans | Henry To'oTo'o | Kareem Jackson
93%
Ohio State C.J. Stroud | Carlos Hyde | Jonathan Wells | Noah Brown | Braxton Miller | DeVier Posey | Tyson Walter | John Simon | Ryan Pickett | Gareon Conley | Bradley Roby | Cameron Johnston | Cade Stover
85%
Houston Kyle Allen | Case Keenum | Tank Dell | Jimmy Herndon | Josh Jones | David Hunter | Stanford Routt
78%
LSU Alfred Blue | Domanick Williams | Trindon Holiday | Austin Deculus | Jarvis Green | Bradie James | Barkevious Mingo | Tyrann Mathieu | Derek Stingley Jr. | Donnie Jones | Danielle Hunter | Devin White
67%
Clemson Deshaun Watson | Andre Ellington | DeAndre Hopkins | Amari Rodgers | Thomas Austin | Kourtnei Brown | Carlos Watkins | D.J. Reader | Ricky Sapp | Mark Fields | Marcus Gilchrist | T.J. Green | Dexter McCleon
67%
Wisconsin Ron Dayne | Dare Ogunbowale | Jake Byrne | Owen Daniels | Garrett Graham | Beau Benzschawel | Michael Deiter | J.J. Watt | Marcus Cromartie | Jamar Fletcher | Natrell Jamerson
63%
Michigan Nico Collins | Bennie Joppru | Tim Jamison | Roy Manning | Shantee Orr
59%
Florida Rex Grossman | Dameon Pierce | Jabar Gaffney | Chris Thompson | Mike Pearson | David Sharpe | Travis Carroll | Jonathan Greenard | Jelani Jenkins | Vernon Hargreaves III | Gus Scott | Tommy Townsend
59%
Miami (FL) Duke Johnson | Lamar Miller | Phillip Dorsett | Darnell Jenkins | Andre Johnson | Brevin Jordan | Chris Myers | Rashad Butler | Seantrel Henderson | Eric Winston | Damione Lewis | Vince Wilfork | Tavares Gooden | Ufomba Kamalu | Denzel Perryman | Darryl Sharpton | Philip Buchanon | Brandon Harris | Ed Reed
56%
Texas A&M Cullen Gillaspia | Damion Ratley | Steve McKinney | Chance Pearce | Kenyon Green | Cameron Spikes | Keith Mitchell | Aaron Glenn | Randy Bullock | Shane Lechler
48%
South Carolina Bruce Ellington | Jerell Adams | A.J. Cann | Taylor Stallworth | Jadeveon Clowney | Fred Bennett | Johnathan Joseph | Dunta Robinson | D.J. Swearinger
44%
Baylor Kyle Fuller | Grayland Arnold | Jalen Pitre | Jon Weeks
44%
USC Matt Leinart | Steven Mitchell | Robert Woods | Billy Miller | Tony Boselli | Rasheem Green | Shaun Cody | Darnell Bing | Brian Cushing | Jawanza Starling | Shareece Wright | Calen Bullock
44%
Texas Andrew Beck | D'Onta Foreman | Chris Ogbonnaya | Kasey Studdard | Lamarr Houston | Charles Omenihu | Frank Okam | Hassan Ridgeway | Kris Boyd | Chris Carter
41%
Stanford Davis Mills | Greg Comella | Dalton Schultz | Thomas Booker | Peter Kalambayi | Brennan Scarlett | Kailee Wong | Johnson Bademosi | Brandon Harrison | Justin Reid | Michael Thomas
41%
Tennessee Arian Foster | Zach Fulton | Fred Weary | Derek Barnett | LaTroy Lewis | Jalen Reeves-Maybin | Jason Allen | Trevor Daniel
33%
Notre Dame C.J. Prosise | Darius Walker | Cierre Wood | Will Fuller V | Jabari Holloway | Nick Martin | Jarrett Patterson | Jordan Black | Ryan Harris | Anthony Weaver | Kurt Hinish | Glenn Earl | Blake Fisher
33%
TCU Marcus Cannon | Dylan Horton | Jerry Hughes | Ross Blacklock | Garret Wallow
33%
Harvard Ryan Fitzpatrick
33%
Iowa State Sage Rosenfels | Xavier Hutchinson | J.J. Moses | Tim Dobbins
33%
Ole Miss Scottie Phillips | Nick Broeker | Tutan Reyes | Laremy Tunsil | Todd Wade | Jerrell Powe | Charlie Anderson | Armegis Spearman | Carlos Thompson | Von Hutchins | Kendrick Lewis | A.J. Moore
33%
Fresno State David Carr | Tyler Clutts | Atnaf Harris
30%
UCLA Ed Stansbury | Mike Flanagan | Chad Overhauser | Scott Quessenberry | Xavier Su'a-Filo | Eddie Vanderdoes | Jason Bell | Rahim Moore | Ka'imi Fairbairn
30%
Illinois Jameel Cook | Kendrick Green | Jeff Allen | Ryan Schau | Gimel President | Jarrod Clements | Corey Liuget | Danny Clark | Jake Hansen | Whitney Mercilus | Hardy Nickerson | Alan Ball | Eugene Wilson | Neil Rackers | Del'Shawn Phillips
30%
UNC T.J. Yates | Charlie Heck | Brennan Williams | Quincy Monk | M.J. Stewart
30%
Penn State Bryant Johnson | Juice Scruggs | Devon Still | Adrian Amos | John Reid
26%
Virginia Matt Schaub | Wali Lundy | Oday Aboushi | Andrew Brown
26%
Nebraska Rex Burkhead | Ahman Green | Jammal Lord | Zach Wiegert | Brent Qvale | Jared Crick | Maliek Collins | Khalil Davis | Jeremy Slechta | Jason Ankrah | Jay Foreman | Barrett Ruud | Kris Brown
26%
Georgia Tech Tony Hollings | Jalen Camp | Demaryius Thomas | Andrew Gardner | Shaq Mason | Keyaron Fox | Nick Ferguson
26%
Virginia Tech Tyrod Taylor | Andre' Davis | Dalton Keene | Ryan Malleck | Todd Washington | Duane Brown | Brandon Frye | Xavier Adibi | Rashad Carmichael | Shayne Graham | Joey Slye | Tim Settle
26%
Cal Adimchinobe Echemandu | Justin Forsett | Chad Hansen | Jordan Veasy | Stephen Anderson | Jerry DeLoach | Keith Browner | Mike Mohamed | Brian Anger
22%
Arizona State Brock Osweiler | Eno Benjamin | Jaelen Strong | Drew Hodgdon | Erik Flowers | Junior Ioane | Chris McKenzie | Robert Nelson | Troy Nolan | Jason Simmons
22%
Kansas State Frank Murphy | Ryan Young | Zac Diles | Justin Tuggle | Deante Burton | Demarcus Faggins | Ty Zentner
22%
Arkansas Ryan Mallett | Dennis Johnson | Cobi Hamilton | Hjalte Froholdt | Dan Skipper | Chris Smith | Malcolm Sheppard | Matteral Richardson
22%
Minnesota Tyler Johnson | Blake Cashman | Dominique Barber | Briean Boddy-Calhoun | Eric Murray
22%
Oregon Royce Freeman | Johnny Johnson | Jeff Maehl | Evan Baylis | Pharaoh Brown | Ra'Shon Harris | Terrance Mitchell | Eddie Pleasant | Jamal Hill
19%
Vanderbilt Zach Cunningham | Andre Hal
19%
Washington Chris Polk | Mark Bruener | Senio Kelemete | Cory Littleton | Roc Alexander | Derrick Johnson | Myles Bryant
15%
Uconn Dan Orlovsky | Jordan Todman | Ryan Griffin | Trevardo Williams | Foley Fatukasi
15%
Mississippi State Eric Moulds | Jordan Thomas | Martinas Rankin | Corey Sears | Deljuan Robinson | Bernardrick McKinney | Johnthan Banks | Eric Brown | Will Redmond | Denico Autry
15%
NC State Jaylen Samuels | Anthony Hill | Terrance Martin | Mario Williams | DeMario Pressley
15%
Auburn Ronnie Brown | Jay Prosch | Ben Tate | Sammie Coates | Chad Slade | Victor Riley | Angelo Blackson | Stanley McClover | Gary Walker
15%
Arizona Chris Henry | Roy Lopez | Earl Mitchell | DaShon Polk | Brooks Reed | J.J. Taylor
11%
Iowa C.J. Fiedorowicz | Jaleel Johnson | Christian Kirksey | Jeffrey Tarpinian | Desmond King | Geno Stone
11%
Florida State Greg Jones | Milford Brown | Char-ron Dorsey | Roderick Johnson | DeMarcus Walker | Travis Johnson | Mister Alexander | Michael Boulware | Terrence Brooks | Cam Akers
11%
Oklahoma James Allen | Kenny Stills | Ogbonnia Okoronkwo | Aaron Colvin
11%
Cincinnati Mike Boone | Chris Moore | Myjai Sanders | Connor Barwin | Troy Evans | Antwan Peek | Eric Wilson | Mike Tyson
11%
West Virginia Steve Slaton | K.J. Dillon
11%
Michigan State Tony Banks | Brian Hoyer | Keshawn Martin | Derrick Mason | Keith Mumphrey | Greg Randall | Joel Heath | Robaire Smith | Max Bullough | Kurtis Drummond
11%
Kentucky Shane Boyd | Randall Cobb | Lonnie Johnson | Marlon McCree
7%
Colorado Chris Brown | Phillip Lindsay | Lawrence Vickers | Brad Bedell
4%
Georgia Chris Conley | Ben Jones | Charlie Clemons | Akeem Dent | Jordan Jenkins | Corey Moore | Kamari Lassiter
4%
Utah Anthony Denham | Tony Bergstrom | Brice McCain
0%
Indiana Chris Taylor | Andrew McDonald | Adewale Ogunleye
0%
Maryland Jermaine Lewis | Matt Murphy | Charles Hill | William Kershaw | Curome Cox | A.J. Hendy | Lewis Sanders | Nick Novak
0%
Missouri Justin Britt | Steve Martin
0%
SMU Kevin Garrett
0%
Duke Thaddeus Lewis
0%
No matching quizzes found
Score Distribution
Percent of People with Each Score
Percentile by Number Answered
Your Score History
You have not taken this quiz since the last reset